Poslední, Petr. Měřítka souvislostí. - Praha : Euroslavica. - 2000 [Rezension]

Titel: Poslední, Petr. Měřítka souvislostí. - Praha : Euroslavica. - 2000 [Rezension]
Verfasser:
In: Slavia Occidentalis, Band 60 (2003), Seite 162-165
alle Artikel anzeigen
Veröffentlicht: 2003
Format: Aufsatz
Sprache: Tschechisch
Kein Bild verfügbar
X
alg: 39521900
001A    $01999:12-11-16 
001B    $01999:09-08-21 $t17:43:45.000 
001D    $01999:12-11-16 
001U    $0utf8 
001X    $00 
002@    $0Aox 
003@    $0395219000 
007A    $0395219000 $aHEB 
007T    $0Herdp33830 
010@    $acze 
011@    $a2003 
021A    $aPoslední, Petr. Měřítka souvislostí. - Praha : Euroslavica. -  2000 [Rezension] 
028A    $aFirlej $dAgata 
031A    $d60 $h162-165 $j2003 
039B    $aIn $8--Abvc--. Slavia Occidentalis. - Poznań : Wydawn. PTPN, 1921-. - ISSN 0081-0002 $x200300000600000838 $9047502010 
039T    $8--Aau--Poslední, Petr$Z1945- [Tp3]. Měřítka souvislostí. - Vyd. 1.. - Praha : Euroslavica, 2000. - 188 S.. - ISBN 80-85494-59-0 $922265063X 
045F    $a900.94371 $eDDC23BSB 
045F/01 $a900 
045F/03 $g4371 
045T    $a8,1 $a7,41 $a7,39 

lok: 39521900 78

exp: 39521900 78 1 #EPN
201B/01 $026-11-17 $t04:17:10.000 
201U/01 $0utf8 
203@/01 $0791547671 
208@/01 $a12-11-16 $be 
209A/01 $a/ $f000 $x00 
220C/01 $aHerkunft: Hú Av Čr Praha 
244Z/01 $#Tschechien $#Tschechische Republik $#Tschechische Republik $#Tschechenland $#Tschechei Tschechien $#Česká Republika $#Czech Republic $#ČR $74303381-7 $8--Tg1--Tschechien $x01 $9086659812 
244Z/01 $2Trx $#Böhmen $#Bohemia $#Czechy $8--Trx--Čechy $x02 $9391188941 
244Z/01 $2Trx $#arvustused $#recenzijos $#Reviews $#recenziók $#recenzje $#recenzie $#recenze $8--Trx--Rezensionen $x03 $9391357441 
247C/01 $82080>Marburg/Lahn, Herder-Institut, Forschungsbibliothek, Bibliographieportal $9336309341
LEADER 00000caa a22000002c 4500
001 395219000
003 DE-603
005 20210809174345.0
007 tu
008 161112s2003 xx |||| | u00||u|cze c
035 |a (DE-599)HEB395219000 
040 |a DE-603  |b ger  |c DE-603  |d DE-603 
041 |a cze 
082 0 4 |8 1\u  |a 900.94371  |q DE-101  |2 23/BSB 
084 |a 8,1  |a 7,41  |a 7,39  |2 ssgn 
085 |8 1\u  |b 900 
085 |8 1\u  |z 2  |s 4371 
100 1 |a Firlej, Agata 
245 0 0 |a Poslední, Petr. Měřítka souvislostí. - Praha : Euroslavica. - 2000 [Rezension] 
264 0 |c 2003 
773 0 8 |i In  |t Slavia Occidentalis  |d Poznań : Wydawn. PTPN, 1921-  |x 0081-0002  |g Band 60 (2003), Seite 162-165  |w (DE-603)047502010  |w (DE-600)339118-8 
787 0 8 |i Rezension von  |a Poslední, Petr, 1945-  |t Měřítka souvislostí  |b Vyd. 1.  |d Praha : Euroslavica, 2000  |h 188 S.  |z 8085494590  |w (DE-603)22265063X 
924 0 |9 2080  |a (DE-603)791547671  |b DE-2080  |c HES  |d d  |g /